[Event "VIE-ch (Women)"]
[Site "Vung Tau"]
[Date "2023.03.03"]
[Round "2"]
[White "Dao, Nhat Minh"]
[Black "Bui, Thi Diep Anh"]
[Result "0-1"]
[WhiteElo "2000"]
[BlackElo "1756"]
[PlyCount "48"]
[EventDate "2023.03.03"]
[EventType "swiss"]
[EventRounds "9"]
[EventCountry "VIE"]
[SourceTitle "EXT 2024"]
[Source "ChessBase"]
[SourceDate "2023.10.10"]
[SourceVersion "1"]
[SourceVersionDate "2023.10.10"]
[SourceQuality "1"]

1. d4 Nf6 2. c4 g6 3. Nc3 d5 4. Bg5 Ne4 5. Nxe4 dxe4 6. e3 Bg7 7. Ne2 c5 8. Rb1 Qa5+ 9. Nc3 cxd4 10. Qa4+ Qxa4 11. Nxa4 d3 12. f3 f5 13. fxe4 fxe4 14. Nc5 Nc6 15. Nxe4 Bf5 16. Nd2 Nb4 17. a3 Nc2+ 18. Kf2 Rf8 19. Kg3 h6 20. e4 Be6 21. Bxd3 Be5+ 22. Kh4 hxg5+ 23. Kxg5 Bg4 24. Kxg6 Rf6+ 0-1

[Event "VIE-ch (Women)"]
[Site "Hanoi"]
[Date "2020.10.11"]
[Round "9"]
[White "Bui, Thi Diep Anh"]
[Black "Nguyen, Ngoc Thuy Trang"]
[Result "1/2-1/2"]
[WhiteElo "1662"]
[BlackElo "1953"]
[PlyCount "70"]
[EventDate "2020.10.05"]
[EventType "swiss"]
[EventRounds "9"]
[EventCountry "VIE"]
[SourceTitle "EXT 2022"]
[Source "ChessBase"]
[SourceDate "2021.10.06"]
[SourceVersion "1"]
[SourceVersionDate "2021.10.06"]
[SourceQuality "1"]

1. e4 c6 2. d4 d5 3. exd5 cxd5 4. Nf3 Nf6 5. Bd3 Nc6 6. 0-0 Bg4 7. c3 e6 8. Bg5 Bd6 9. Nbd2 Qc7 10. Qc2 Bf4 11. Rfe1 h6 12. Bh4 Rc8 13. Ne5 Bh5 14. f3 g5 15. Bf2 g4 16. Bh4 Nd7 17. fxg4 Ncxe5 18. gxh5 Bxh2+ 19. Kh1 Ng4 20. Rxe6+ fxe6 21. Bg6+ Kf8 22. Rf1+ Bf4 23. Bg3 Ndf6 24. Bxf4 Qb6 25. Nb3 Ke7 26. Qe2 Kd7 27. Nc5+ Rxc5 28. dxc5 Qxc5 29. Be5 Rf8 30. Bd4 Qd6 31. Qb5+ Kd8 32. Bg1 Qg3 33. Rf3 Qh4+ 34. Rh3 Qe1 35. Rf3 Qh4+ 1/2-1/2

[Event "VIE-chT (Women)"]
[Site "Ho Chi Minh City"]
[Date "2019.10.01"]
[Round "8.12"]
[White "Luong, Huyen Ngoc"]
[Black "Bui, Thi Diep Anh"]
[Result "1-0"]
[WhiteElo "1982"]
[BlackElo "1662"]
[PlyCount "119"]
[EventDate "2019.09.26"]
[EventType "swiss"]
[EventRounds "9"]
[EventCountry "VIE"]
[SourceTitle "EXT 2020"]
[Source "ChessBase"]
[SourceDate "2019.10.17"]
[SourceVersion "1"]
[SourceVersionDate "2019.10.17"]
[SourceQuality "1"]

1. d4 Nf6 2. c4 g6 3. Nc3 d5 4. cxd5 Nxd5 5. e4 Nxc3 6. bxc3 Bg7 7. Nf3 c5 8. Bb5+ Bd7 9. Bxd7+ Qxd7 10. 0-0 cxd4 11. cxd4 Nc6 12. Be3 0-0 13. Rb1 e6 14. Qa4 Rfd8 15. Rfd1 Ne5 16. Qb4 Nxf3+ 17. gxf3 b6 18. a4 Bf8 19. Qb3 a5 20. d5 exd5 21. Rxd5 Qe6 22. Rxd8 Rxd8 23. Qxb6 Qxb6 24. Bxb6 Rb8 25. Rb5 Bb4 26. Bc7 Ra8 27. Kf1 Kf8 28. Rb7 Ra6 29. Bb6 Ra8 30. Ke2 Bd6 31. h3 Rc8 32. Kd3 Rc1 33. Bxa5 Ra1 34. Ra7 Rxa4 35. Ra8+ Ke7 36. Bd8+ Kd7 37. Rxa4 Kxd8 38. Kd4 Ke7 39. Ra7+ Ke6 40. Ra6 Ke7 41. e5 Bb4 42. f4 Be1 43. f3 Bd2 44. Ke4 Bc3 45. f5 Bb4 46. f4 Bc5 47. Kd5 Be3 48. f6+ Kd7 49. Ke4 Bc5 50. f5 gxf5+ 51. Kxf5 Bb4 52. e6+ fxe6+ 53. Rxe6 Bf8 54. Re4 Kd8 55. h4 Kd7 56. h5 Bc5 57. Rc4 Bf8 58. Rd4+ Ke8 59. Ke6 Bc5 60. Rc4 1-0

[Event "VIE-chT (Women)"]
[Site "Ho Chi Minh City"]
[Date "2019.09.30"]
[Round "7.14"]
[White "Bui, Thi Diep Anh"]
[Black "Tran, Phan Bao Khanh"]
[Result "1/2-1/2"]
[WhiteElo "1662"]
[BlackElo "1822"]
[PlyCount "73"]
[EventDate "2019.09.26"]
[EventType "swiss"]
[EventRounds "9"]
[EventCountry "VIE"]
[SourceTitle "EXT 2020"]
[Source "ChessBase"]
[SourceDate "2019.10.17"]
[SourceVersion "1"]
[SourceVersionDate "2019.10.17"]
[SourceQuality "1"]

1. e4 c5 2. Nf3 d6 3. d4 cxd4 4. Nxd4 Nf6 5. Nc3 a6 6. Bc4 e6 7. Bg5 Be7 8. f4 Qc7 9. Bb3 Nc6 10. Nxc6 Qxc6 11. Qd3 b5 12. f5 h6 13. Bxf6 Bxf6 14. 0-0-0 Bxc3 15. bxc3 0-0 16. Rhf1 a5 17. fxe6 Bxe6 18. Bxe6 fxe6 19. Rf3 Rxf3 20. gxf3 Rd8 21. Kb2 d5 22. e5 Rf8 23. Rg1 Qe8 24. Rg4 Rf5 25. f4 h5 26. Rg5 Rxf4 27. Qg3 Rg4 28. Rxg4 hxg4 29. Qxg4 Qf7 30. Qg5 Qc7 31. h4 b4 32. cxb4 axb4 33. h5 Qc3+ 34. Kb1 Qh3 35. Kc1 Qf5 36. Qe7 Qxe5 37. Qe8+ 1/2-1/2

[Event "VIE Cup (Women)"]
[Site "Bac Giang"]
[Date "2018.06.04"]
[Round "8"]
[White "Bui, Thi Diep Anh"]
[Black "Le, La Tra My"]
[Result "1/2-1/2"]
[WhiteElo "1662"]
[BlackElo "1755"]
[PlyCount "122"]
[EventDate "2018.05.30"]
[EventType "swiss"]
[EventRounds "9"]
[EventCountry "VIE"]
[SourceTitle "CBM 184 Extra"]
[Source "ChessBase"]
[SourceDate "2018.06.28"]
[SourceVersion "1"]
[SourceVersionDate "2018.06.28"]
[SourceQuality "1"]

1. e4 e6 2. d4 d5 3. Nd2 Nf6 4. exd5 exd5 5. Ngf3 Bd6 6. Bd3 0-0 7. 0-0 b6 8. c3 c5 9. dxc5 bxc5 10. Re1 Nc6 11. Nf1 Re8 12. Rxe8+ Qxe8 13. Bb5 h6 14. Ng3 Bd7 15. b3 Rb8 16. Bxc6 Bxc6 17. Nf5 Bc7 18. Ba3 Ne4 19. Qc2 Qe6 20. Ng3 Bxg3 21. hxg3 Qf6 22. Bb2 Qf5 23. Re1 Nxg3 24. Qxf5 Nxf5 25. Re5 Nd6 26. Re7 Rb7 27. Rxb7 Bxb7 28. Nd2 c4 29. Kf1 Ba6 30. b4 Bb5 31. Nf3 f5 32. Ke2 Kf7 33. Ke3 Ne4 34. Nd4 Bd7 35. f3 Nd6 36. Ne2 g5 37. Kd4 Ke6 38. f4 Ne4 39. fxg5 hxg5 40. Ke3 Ke5 41. Nd4 f4+ 42. Ke2 g4 43. b5 Nd6 44. a4 Nf5 45. Nxf5 Kxf5 46. Ba3 Bc8 47. Bc5 a6 48. b6 Ke4 49. a5 Bb7 50. Bd4 Bc6 51. Bc5 f3+ 52. gxf3+ gxf3+ 53. Kd2 Kf4 54. Bf2 Bb7 55. Ke1 Ke4 56. Kd2 Bc8 57. Bd4 Kf4 58. Bf2 Bb7 59. Ke1 Ke4 60. Kd2 Bc6 61. Bd4 Bb7 1/2-1/2

[Event "VIE Cup (Women)"]
[Site "Bac Giang"]
[Date "2018.05.30"]
[Round "1"]
[White "Nguyen, Phuong Ly"]
[Black "Bui, Thi Diep Anh"]
[Result "0-1"]
[WhiteElo "1765"]
[BlackElo "1662"]
[PlyCount "52"]
[EventDate "2018.05.30"]
[EventType "swiss"]
[EventRounds "9"]
[EventCountry "VIE"]
[SourceTitle "CBM 184 Extra"]
[Source "ChessBase"]
[SourceDate "2018.06.28"]
[SourceVersion "1"]
[SourceVersionDate "2018.06.28"]
[SourceQuality "1"]

1. e4 d5 2. Nc3 d4 3. Nce2 e5 4. Ng3 Nf6 5. Bc4 Bd6 6. h3 0-0 7. d3 Nc6 8. Nf3 Na5 9. 0-0 Nxc4 10. dxc4 Bd7 11. Re1 h6 12. Nf5 Bxf5 13. exf5 Re8 14. Re2 Qd7 15. Qe1 Qxf5 16. Nh4 Qe6 17. Nf3 Qxc4 18. Nxe5 Bxe5 19. Rxe5 Rxe5 20. Qxe5 Re8 21. Qf5 Re1+ 22. Kh2 Qf1 23. Qd3 Qg1+ 24. Kg3 Ne4+ 25. Kh4 Qxf2+ 26. Kg4 Nf6# 0-1

[Event "Hanoi HD Bank op-B 8th"]
[Site "Hanoi"]
[Date "2018.03.11"]
[Round "3"]
[White "Pham, Thi Huong"]
[Black "Bui, Thi Diep Anh"]
[Result "0-1"]
[WhiteElo "1786"]
[BlackElo "1682"]
[PlyCount "78"]
[EventDate "2018.03.10"]
[EventType "swiss"]
[EventRounds "9"]
[EventCountry "VIE"]
[SourceTitle "CBM 183 Extra"]
[Source "ChessBase"]
[SourceDate "2018.04.19"]
[SourceVersion "1"]
[SourceVersionDate "2018.04.19"]
[SourceQuality "1"]

1. d4 Nf6 2. c4 e5 3. e3 exd4 4. exd4 Bb4+ 5. Bd2 Qe7+ 6. Be2 0-0 7. Nc3 d6 8. h3 Re8 9. a3 Bxc3 10. Bxc3 Ne4 11. Rc1 Qh4 12. g3 Qf6 13. Nf3 Nxg3 14. fxg3 Qxf3 15. Kd2 Qe3+ 16. Kc2 Qxg3 17. Kd2 Qe3+ 18. Ke1 Bxh3 19. Qd2 Bg4 20. Qxe3 Rxe3 21. Rh2 Nd7 22. Kd2 Rxe2+ 23. Rxe2 Bxe2 24. Kxe2 Re8+ 25. Kf2 Nf6 26. Kf3 h5 27. Rg1 Ng4 28. Bd2 g6 29. b4 f5 30. Bg5 Re4 31. c5 d5 32. Rd1 Kf7 33. Rd2 Nf6 34. Bf4 c6 35. Be3 Rg4 36. Rh2 Ne4 37. Rh3 Ng5+ 38. Bxg5 Rxg5 39. Ke3 Rg4 0-1

[Event "VIE-chT (Women)"]
[Site "Ho Chi Minh City"]
[Date "2017.07.29"]
[Round "9.32"]
[White "Vu, Khanh Linh"]
[Black "Bui, Thi Diep Anh"]
[Result "1-0"]
[WhiteElo "1915"]
[BlackElo "1751"]
[PlyCount "59"]
[EventDate "2017.07.24"]
[EventType "team-swiss"]
[EventRounds "9"]
[EventCountry "VIE"]
[SourceTitle "EXT 2019"]
[Source "ChessBase"]
[SourceDate "2018.10.10"]
[SourceVersion "1"]
[SourceVersionDate "2018.10.10"]
[SourceQuality "1"]

1. e4 c5 2. c3 d6 3. d4 cxd4 4. cxd4 Nf6 5. Nc3 g6 6. Nf3 Bg7 7. Bd3 0-0 8. 0-0 Nc6 9. h3 b6 10. Be3 Bb7 11. a3 Rc8 12. Rc1 Qd7 13. b4 e6 14. Qe2 Ne8 15. Qd2 Ne7 16. Bh6 f5 17. Bxg7 Nxg7 18. Qh6 Nh5 19. Bb5 Bc6 20. Ng5 Nf6 21. e5 f4 22. Bd3 Nf5 23. Bxf5 exf5 24. exf6 Rxf6 25. Nd5 Rff8 26. Nxf4 Qb7 27. d5 Bb5 28. Rfe1 Rfe8 29. Rxe8+ Rxe8 30. Nge6 1-0

[Event "VIE-chT (Women)"]
[Site "Ho Chi Minh City"]
[Date "2017.07.26"]
[Round "5.11"]
[White "Tran, Le Dan Thuy"]
[Black "Bui, Thi Diep Anh"]
[Result "1/2-1/2"]
[WhiteElo "2035"]
[BlackElo "1751"]
[PlyCount "133"]
[EventDate "2017.07.24"]
[EventType "team-swiss"]
[EventRounds "9"]
[EventCountry "VIE"]
[SourceTitle "EXT 2019"]
[Source "ChessBase"]
[SourceDate "2018.10.10"]
[SourceVersion "1"]
[SourceVersionDate "2018.10.10"]
[SourceQuality "1"]

1. d4 Nf6 2. c4 e5 3. dxe5 Ng4 4. Qd4 d6 5. exd6 Bxd6 6. Qe4+ Be6 7. Nf3 Nc6 8. Bd2 Qd7 9. Bc3 0-0-0 10. Nbd2 f5 11. Qc2 Bc5 12. e3 f4 13. Bd4 Nxd4 14. exd4 Bf5 15. Bd3 Rhe8+ 16. Kf1 Bxd3+ 17. Qxd3 Bxd4 18. Nxd4 Qxd4 19. Qxd4 Rxd4 20. Nb3 Rxc4 21. Rc1 Rce4 22. f3 Ne3+ 23. Kf2 R4e5 24. Rhe1 c6 25. Nc5 g5 26. Ne4 Rd8 27. g3 Red5 28. Ke2 Rd3 29. Rg1 Nf5 30. Rgd1 Rxd1 31. Rxd1 Rxd1 32. Kxd1 fxg3 33. hxg3 h6 34. Kd2 Kd7 35. g4 Nd6 36. Nc5+ Ke7 37. b3 b6 38. Nd3 Ke6 39. Ke3 Nb5 40. a4 Nc3 41. Kd4 Nd5 42. Nf2 c5+ 43. Kc4 a6 44. a5 Kd6 45. Ne4+ Kc6 46. axb6 Nxb6+ 47. Kd3 Nd7 48. Ng3 Kd5 49. Nf5 Ne5+ 50. Ke3 Nf7 51. Ne7+ Kd6 52. Nf5+ Ke5 53. Ne7 c4 54. bxc4 Kd6 55. Nf5+ Kc5 56. Kd3 Ne5+ 57. Kc3 Nxc4 58. Nxh6 Ne5 59. Kb3 Nxf3 60. Nf7 a5 61. Ka4 Kb6 62. Nd6 Ne5 63. Ne4 Nf7 64. Nd2 Nd6 65. Nb3 Nc4 66. Nd4 Ne5 67. Ne6 1/2-1/2

[Event "VIE-ch (Women)"]
[Site "Bac Giang"]
[Date "2016.06.23"]
[Round "3"]
[White "Bui, Thi Diep Anh"]
[Black "Nguyen, Thanh Thuy Tien"]
[Result "0-1"]
[WhiteElo "1751"]
[BlackElo "1978"]
[PlyCount "116"]
[EventDate "2016.06.22"]
[EventType "swiss"]
[EventRounds "9"]
[EventCountry "VIE"]
[SourceTitle "EXT 2017"]
[Source "ChessBase"]
[SourceDate "2016.10.25"]
[SourceVersion "1"]
[SourceVersionDate "2016.10.25"]
[SourceQuality "1"]

1. e4 c5 2. Nf3 d6 3. d4 cxd4 4. Nxd4 Nf6 5. Nc3 a6 6. Be3 e6 7. Be2 Qc7 8. 0-0 b5 9. a3 Bb7 10. f3 Be7 11. Qd2 Nbd7 12. Rad1 0-0 13. Bxb5 axb5 14. Ndxb5 Qc6 15. Na7 Qa6 16. Ncb5 Ne8 17. Qb4 Ne5 18. c4 Rb8 19. a4 Ba8 20. b3 Bd8 21. Qc3 Bb6 22. c5 Bxa7 23. Nxa7 Qxa7 24. cxd6 Rc8 25. Bxa7 Rxc3 26. Bd4 Rxb3 27. Bxe5 Nf6 28. Bxf6 gxf6 29. f4 Bxe4 30. Rd4 Bd5 31. f5 h5 32. fxe6 fxe6 33. d7 Rb2 34. Rf2 Rb1+ 35. Rf1 Rxf1+ 36. Kxf1 Rd8 37. Rf4 Kg7 38. a5 Rxd7 39. Ra4 Ra7 40. g3 e5 41. Ke2 Kf7 42. Kd3 Ke6 43. Kc3 Rc7+ 44. Kd3 Bc6 45. Ra3 Kd5 46. Kc3 Bb5+ 47. Kb4 Ba6 48. Rf3 Rc4+ 49. Kb3 Ke6 50. Ka3 e4 51. Rb3 Rc6 52. Rb8 Kd5 53. Kb4 e3 54. Rd8+ Rd6 55. Re8 Kd4 56. Re7 Kd3 57. Kc5 Rd4 58. Kb6 Bc4 0-1